000 00556nam a2200169 a 4500
001 000041489
005 20201002034933.0
008 131008s1978 ag 000 0 spa d
040 _aDO-SdBNP
_bspa
_cBNPHU
082 _axxxx
_bxxxx
100 1 _aSlavson, S. R.
_968181
245 1 0 _aTratado de psicoterapia grupal analítica /
_cS. R. Slavson.
260 _aBuenos Aires, Argentina :
_bPaidos,
_c1978.
300 _a487 p. ;
_c23 cm.
504 _aIncluye referencias bibliográficas y notas al píe de las páginas
504 _aBibliografías : p. 486-487
999 _c40979
_d40979